| 000 | 00497nam a22001697a 4500 | ||
|---|---|---|---|
| 005 | 20251218145816.0 | ||
| 008 | 251218b |||||||| |||| 00| 0 eng d | ||
| 020 | _a978-93-93330-57-4 | ||
| 100 | _aBHAMA, M C SATHYA | ||
| 245 | _aANANTHANARAYAN'S INTRODUCTION TO MEDICAL MICROBIOLOGY FOR GNM STUDENTS | ||
| 250 | _a3RD ED | ||
| 260 |
_aTELANGANA, INDIA _bUNIVERSITIES PRESS _c2023 |
||
| 300 | _aIX, 199P. | ||
| 500 | _aINCLUDES INDEX | ||
| 650 | _a1, MEDICAL MICROBIOLOGY | ||
| 942 |
_2lcc _cBK |
||
| 999 |
_c216357 _d216357 |
||